| 000 | 00706nam a22002057a 4500 | ||
|---|---|---|---|
| 999 |
_c5308 _d5308 |
||
| 003 | AR-CdUCM | ||
| 008 | 190312b ||||| |||| 00| 0 spa d | ||
| 040 |
_aMUNICIPALIDAD PROVINCIAL DEL CUSCO _cBIBLIOTECA MUNICIPAL DEL CUSCO |
||
| 082 |
_a372.3 / _bW26 |
||
| 100 |
_aWarkentin, Roderich _916045 |
||
| 245 |
_aCerebros para el futuro : _bcibernética de la inteligencia / |
||
| 260 |
_aBarcelona : _bPlaza & Janes, _c1972. |
||
| 300 |
_a278 páginas ; _c22 cm. |
||
| 505 | _aCibernetica de la inteligencia -- Arquitectura del espíritu --Técnica del aprendizaje | ||
| 650 |
_aPsicología _91538 |
||
| 650 |
_aEducación _9460 |
||
| 650 |
_aInteligencia _91764 |
||
| 942 |
_2ddc _cLIBROS |
||
| 945 | _admma | ||